000 00849nam a2200265 i 4500
001 14469
003 ES-MaACL
005 20250829112027.0
007 t|
008 990322s1987 mx ||||1| spa d
020 _a968-452-244-4
080 _a929 Quiroga, Vasco de, Obispo de Michoacán
080 _a325.454 (=97:72)"15"
100 1 _aZavala, Silvio,
_d1909-2014
_9118108
245 1 0 _aRecuerdo de Vasco de Quiroga /
_cSilvio Zavala.
250 _a2ª ed. aum.
260 _aMéxico :
_bPorrúa,
_c1987.
300 _a331 p. ;
_c22 cm.
490 1 _aColección "Sepan cuantos..." ;
_v546
600 1 4 _aQuiroga, Vasco de,
_d1470?-1565
_994777
650 1 4 _aIndios de Paraguay-
_xTrato recibido-
_yS.XVI.
_913702
830 0 0 _aSepan cuantos_
_v546
_9180801
852 _aES-MaACL
_jF-6482
_bR.115160
999 _c14469
_d14469